00615nam a2200181Ia 4500008004100000082001700041100001800058245002200076250000800098260003800106300001200144500002400156650001500180942000700195952010700202952010700309999001700416230524s9999 xx 000 0 und d a621.382bHUS aAshfaq Husain 0aElectric Machines a2ND aNEW DELHIbDhanpat Rai & Coc2006 aXVI;632 aQuantity Number: 2 aElectrical cBK 00104070aTATCLbTATCLcGENd2023-05-24l0o621.382 HUSp15976r2023-05-24w2023-05-24yBKzBCSE3303 00104070aTATCLbTATCLcGENd2023-05-24l0o621.382 HUSp15977r2023-05-24w2023-05-24yBKzBCSE3303 c36633d36633